|
|
|
|
| LEADER |
00000nam0a2200000 4500 |
| 001 |
326346 |
| 005 |
20231102003843.0 |
| 035 |
|
|
|a (RuTPU)RU\TPU\book\351981
|
| 090 |
|
|
|a 326346
|
| 100 |
|
|
|a 20161223d1937 m y0rusy50 ca
|
| 101 |
0 |
|
|a rus
|
| 102 |
|
|
|a RU
|
| 105 |
|
|
|a y z 000zy
|
| 200 |
1 |
|
|a Вертер
|e лирическая драма в 4-х действиях по роману Вольфганга Гете " Страдания молодого Вертера"
|f Ж. Массэнэ
|
| 210 |
|
|
|a Горький
|c Изд-ние Управления по делам искусств
|d 1937
|
| 215 |
|
|
|a 14 с.
|
| 606 |
1 |
|
|a Опера
|x Либретто
|2 stltpush
|3 (RuTPU)RU\TPU\subj\47028
|9 66096
|
| 610 |
1 |
|
|a музыка
|
| 610 |
1 |
|
|a музыкальные спектакли
|
| 610 |
1 |
|
|a оперные спектакли
|
| 610 |
1 |
|
|a оперные театры
|
| 675 |
|
|
|a 782
|v 4
|
| 700 |
|
1 |
|a Массэнэ
|b Ж.
|
| 712 |
0 |
2 |
|a Горьковский областной театр оперы и балета им. А. С. Пушкина
|2 stltpush
|3 (RuTPU)RU\TPU\col\17234
|9 26578
|
| 801 |
|
1 |
|a RU
|b 63413507
|c 20161223
|
| 801 |
|
2 |
|a RU
|b 63413507
|c 20200722
|g RCR
|
| 942 |
|
|
|c BK
|